| 000 | 00809cam a22002413a 4500 | ||
|---|---|---|---|
| 001 | 8181 | ||
| 003 | PGUSA | ||
| 005 | 20140828083153.0 | ||
| 008 | 050501s2005||||xxu|||||s|||||000 | eng d | ||
| 040 |
_aPGUSA _beng |
||
| 042 | _adc | ||
| 050 | 4 | _aF206 | |
| 100 | 1 | _aHewatt, Alexander | |
| 245 | 1 | 3 |
_aAn Historical Account of the Rise and Progress of the Colonies of South Carolina and Georgia, Volume 2 _h[electronic resource] / _cAlexander Hewatt |
| 260 |
_bProject Gutenberg, _c2005 |
||
| 506 | _aPublic domain in the USA. | ||
| 516 | _aElectronic text | ||
| 653 | _aSouth Carolina -- History -- Colonial period, ca. 1600-1775 | ||
| 653 | _aGeorgia -- History -- Colonial period, ca. 1600-1775 | ||
| 830 | 0 |
_aProject Gutenberg _v8181 |
|
| 856 | 4 | 0 | _uhttp://www.gutenberg.org/ebooks/8181 |
| 942 | _cEB | ||
| 999 |
_c237481 _d237481 |
||